[Event "EU Union-ch U08 16th"]
[Site "Mureck"]
[Date "2018.08.02"]
[Round "2"]
[White "Tolstykh, Makarius"]
[Black "Antenreiter, Jana"]
[Result "1-0"]
[WhiteElo "909"]
[BlackElo "800"]
[PlyCount "93"]
[EventDate "2018.08.01"]
[EventType "swiss"]
[EventRounds "9"]
[EventCountry "AUT"]
[SourceTitle "CBM 186 Extra"]
[Source "ChessBase"]
[SourceDate "2018.08.24"]
[SourceVersion "1"]
[SourceVersionDate "2018.08.24"]
[SourceQuality "1"]

1. e4 e5 2. Nf3 Nc6 3. Bc4 Bc5 4. d3 h6 5. 0-0 Nf6 6. Nc3 d6 7. Re1 Bg4 8. Be3 Bxe3 9. fxe3 Bxf3 10. Qxf3 Qe7 11. Qd1 0-0-0 12. Nd5 Nxd5 13. Bxd5 Nb4 14. Bb3 Qg5 15. Qf3 Qe7 16. Qxf7 Qxf7 17. Bxf7 Rhf8 18. Rf1 Rd7 19. Be6 Re8 20. Bxd7+ Kxd7 21. c3 Nc2 22. Rac1 Nxe3 23. Rf7+ Kd8 24. Rxg7 Re7 25. Rxe7 Kxe7 26. h3 h5 27. Re1 Nc2 28. Re2 Na3 29. bxa3 h4 30. Kh2 c6 31. g3 hxg3+ 32. Kxg3 d5 33. Rf2 dxe4 34. dxe4 Ke6 35. h4 Ke7 36. h5 Ke8 37. h6 Kd8 38. h7 Kc7 39. h8Q Kb6 40. Qd8+ Ka6 41. Rb2 b6 42. Qd6 Ka5 43. Qxc6 Ka6 44. Qe6 Ka5 45. Qxe5+ Ka4 46. Qb5+ Kxa3 47. Qb3# 1-0